000 00331 a2200145 4500
001 170865
020 _a
040 _cMagnum
100 _aSampedro, Javier
240 1 0 _aFutbol sala: las acciones del juego
_lESP
245 1 0 _aFutbol sala: las acciones del juego
362 0 _a1899
697 _aEDUCACAO FISICA
942 _cBK
999 _c170865
_d170865